C4 Public Finance and Taxation II : Study Text (Record no. 5493)

MARC details
005 - DATE AND TIME OF LATEST TRANSACTION
control field 20250627071754.0
020 ## - INTERNATIONAL STANDARD BOOK NUMBER
International Standard Book Number 978-9976-78-076-5
082 ## - DEWEY DECIMAL CLASSIFICATION NUMBER
Classification number 336.41 NBA
111 ## - MAIN ENTRY--MEETING NAME
Meeting name or jurisdiction name as entry element NBAA
245 ## - TITLE STATEMENT
Title C4 Public Finance and Taxation II : Study Text
260 ## - PUBLICATION, DISTRIBUTION, ETC.
Place of publication, distribution, etc. Dar es salaam,
Name of publisher, distributor, etc. Get Through Guides,
Date of publication, distribution, etc. 2014.
300 ## - PHYSICAL DESCRIPTION
Extent 234p.: ill.;
Other physical details index,
Dimensions 29cm.
856 ## - ELECTRONIC LOCATION AND ACCESS
Link text Access Online Book
Electronic name Taxation
Path www.GetThroughGuides.com
942 ## - ADDED ENTRY ELEMENTS (KOHA)
Source of classification or shelving scheme Dewey Decimal Classification
Koha item type Books
Holdings
Date last seen Total checkouts Full call number Barcode Cost, replacement price Price effective from Koha item type Lost status Source of classification or shelving scheme Damaged status Not for loan Withdrawn status Home library Current library Shelving location Date acquired Source of acquisition Cost, normal purchase price
06/27/2025   336.41 NBA MZA000242 120000.00 06/27/2025 Books   Dewey Decimal Classification       CBE Mwanza CBE Mwanza General Collection 06/27/2025 Library Budget 40000.00